[Event "Dubai The Arbor blitz op"]
[Site "Dubai"]
[Date "2019.04.12"]
[Round "3"]
[White "Polavarapu, Prudhvi"]
[Black "Kurbanov, Djakhongir"]
[Result "1-0"]
[WhiteElo "1457"]
[BlackElo "1971"]
[PlyCount "85"]
[EventDate "2019.04.12"]
[EventType "swiss (blitz)"]
[EventRounds "9"]
[EventCountry "UAE"]
[SourceTitle "CBM 189 Extra"]
[Source "ChessBase"]
[SourceDate "2019.06.03"]
[SourceVersion "1"]
[SourceVersionDate "2019.06.03"]
[SourceQuality "1"]

1. e4 e5 2. Nf3 Nc6 3. Nc3 Nf6 4. Nxe5 Nxe5 5. d4 Ng6 6. e5 Ng8 7. Bc4 Bb4 8. Qf3 Qe7 9. Bd2 Bxc3 10. Bxc3 Nh6 11. h3 Nh4 12. Qe4 0-0 13. g3 d5 14. Bxd5 c6 15. Bb3 N4f5 16. g4 Nh4 17. f4 Be6 18. f5 Bd5 19. Bxd5 cxd5 20. Qxd5 Rfd8 21. Qe4 Rac8 22. 0-0-0 Rxc3 23. bxc3 Qa3+ 24. Kd2 Rc8 25. Qd3 Ng2 26. Qf3 Nh4 27. Qd3 Ng2 28. Qg3 b5 29. Rh2 Nh4 30. Rb1 b4 31. Rxb4 N6xf5 32. gxf5 Nxf5 33. Qd3 g6 34. Rb3 Qxa2 35. h4 h5 36. Qb5 a6 37. Qb7 Rd8 38. Qe4 a5 39. e6 a4 40. exf7+ Kg7 41. Qe5+ Kf8 42. Rb7 Qa3 43. Qh8# 1-0

[Event "Dubai op 20th"]
[Site "Dubai"]
[Date "2018.04.03"]
[Round "2"]
[White "Christiansen, Johan Sebastian"]
[Black "Kurbanov, Djakhongir"]
[Result "1-0"]
[WhiteElo "2498"]
[BlackElo "2078"]
[PlyCount "59"]
[EventDate "2018.04.02"]
[EventType "swiss"]
[EventRounds "9"]
[EventCountry "UAE"]
[SourceTitle "CBM 183 Extra"]
[Source "ChessBase"]
[SourceDate "2018.04.19"]
[SourceVersion "1"]
[SourceVersionDate "2018.04.19"]
[SourceQuality "1"]

1. e4 e5 2. Nf3 Nc6 3. Bc4 Nf6 4. d4 exd4 5. e5 d5 6. Bb5 Ne4 7. Nxd4 Bd7 8. Bxc6 bxc6 9. 0-0 Bc5 10. f3 Ng5 11. f4 Ne6 12. c3 f5 13. Be3 0-0 14. Nd2 a5 15. N2f3 Qb8 16. Qd2 Qa7 17. Rae1 Bxd4 18. Nxd4 Nxd4 19. e6 Bxe6 20. Bxd4 c5 21. Bxg7 Rfe8 22. Be5 c6 23. Re3 Kf7 24. Qe2 Ke7 25. Re1 Qa6 26. Bf6+ Kf7 27. Qh5+ Kxf6 28. Qh6+ Kf7 29. Qxh7+ Kf6 30. Rh3 1-0